| 000 | 00366nam a2200145Ia 4500 | ||
|---|---|---|---|
| 008 | 191201s2009 xx 000 0 und d | ||
| 082 |
_a004.65 _bSTH |
||
| 100 | _aSTOJMENOVIC, Ivan | ||
| 245 | 0 | _aHandbook of Wireless Networks and Mobile Computing | |
| 250 | _aRep | ||
| 260 |
_aN.Delhi _bW.India _c2009 |
||
| 300 | _a522 | ||
| 650 | _aB.Tech(CSE) | ||
| 942 |
_2ddc _cBK |
||
| 999 |
_c3952 _d3952 |
||